| 000 | 00457nam a22001697a 4500 | ||
|---|---|---|---|
| 005 | 20230117105045.0 | ||
| 008 | 190911b xxu||||| |||| 00| 0 eng d | ||
| 020 | _a978-93-85529-16-0 | ||
| 041 | _aeng | ||
| 082 |
_a615.19 _bSING-P |
||
| 100 |
_aSINGH, HARKISHAN AND KAPOOR, V.K. _95083 |
||
| 245 | _aPRACTICAL PHARMACEUTICAL CHEMISTRY | ||
| 260 |
_aDELHI _bVALLABH PRAKASHAN _c1994 |
||
| 300 | _a208p, | ||
| 650 |
_aPHARMACY _xB.PHARMA _97083 |
||
| 942 | _cBK | ||
| 999 |
_c5988 _d5986 |
||